| 000 | 00350nam a2200145Ia 4500 | ||
|---|---|---|---|
| 008 | 150301s2015 xx 000 0 und d | ||
| 082 |
_a661.01 _bI11G |
||
| 100 | _aGANGULI, SUBARNA | ||
| 245 | _aINORGANCE PHARMACEUTICAL CHEMISTRY | ||
| 250 | _a1ST | ||
| 260 | _bAITBS DELHI | ||
| 300 | _a240 | ||
| 650 | _aINORGANIC CHEMISTRY | ||
| 942 |
_2ddc _cBK _07 |
||
| 999 |
_c7262 _d7262 |
||